LEADER 00973nam a2200229 i 4500 001 000000166658 003 CaOOAMICUS 005 20071115000000.0 008 071115s1964 it u000 u ita u 013 $a144027 040 $aSeMil$bita 100 1 $aConte, Pietro <1977- >.$0(OLS)http://semarc/name/90394 245 13$aIl Canto 30. del Purgatorio /$cPietro Conte. 260 $aTorino ; Genova [etc.] :$bSocietà Editrice Internazionale,$c1964. 300 $a39 p. ;$c23 cm. 490 0 $aLectura Dantis Romana 650 4$aLectura Dantis - Purgatorio - Canto 30.$0(OLS)http://semarc/subject/31720 830 0$aLectura Dantis Romana.$0(OLS)http://semarc/title/24564 850 $aSeMil 852 $aSeMil$W1$xVenegono$y1$m1N II 164$j117821$B117821$CSeMilBibl$Z2$F128557 $81 996 $6245$aIl Canto 30. del Purgatorio$9(OLS)http://semarc/title/238196 996 $6260$aTorino ; Genova [etc.] :$bSocietà Editrice Internazionale$9(OLS)http://semarc/publisher/31868 LEADER 00492nab a2200145 i 4500 001 000000312804 003 CaOOAMICUS 005 20180831173059.0 008 180831n xx uu u0 0und r 013 $a21896 040 $aSeMil$bita 100 1 $aFabbri, Ennio.$0(OLS)http://semarc/name/62844 245 10$aOratoria sacra di guerra nelle opere di Massillon. 773 0 $t[Luglio-Dicembre].$g137-155$w()274220 996 $6245$aOratoria sacra di guerra nelle opere di Massillon$9(OLS)http://semarc/title/387167